00398nam a2200121 a 450000500170000000800410001705000180005810000220007624500190009826000420011799900190015995200980017820140414131857.0100827s19uu xx 00 eng d aFILbF48 2004 aBellen, Christine aFilemon mamon. aManila, Philippines :bAdarna,c2004. c110506d110506 001040aMUbMUcFILd2010-08-27l0oFIL F48 2004pM0926r2014-04-14 00:00:00w2014-04-14yBK